000 00612nam a22001577a 4500
020 _a978-1-4088-8820-9
082 _a823
_bMAS/Q
100 _aMAAS, SARAH J
245 _aQUEEN OF SHADOWS
246 _aQUEEN OF SHADOWS
_bQUEEN OF SHADOWS
260 _aLONDON
_bBLOOMSBURY
_c2016
300 _a648
520 _aAelin Galathynius, the once infamous assassin Celaena Sardothien, returning to Adarlan to seek vengeance against the people who wronged her. She is determined to reclaim her throne and free her people from the tyrannical rule of the King of Adarlan.
650 _aENGLISH FANTACY STORY
942 _cBK
999 _c8613
_d8613